00333nam a2200133Ia 4500008004000000041000800040082001100048100002000059245002900079260005400108650001500162650001400177650000800191210210b1965 xxu||||| |||| 00| 0 eng d aeng a590/42 aCAMERON (T W M) aParasites and parstitism aLondonbThe English Language Book Society.,c1965 aparstitism aParasites aand